000 00261pam a2200121 a 4500
020 _c
041 _aeng
100 _aBennett Arnaid.
245 _aLibrary Test
_hTextual Documents
260 _aNew York
_bPenguin Books Ltd
300 _a184p.
930 _a15190
999 _c92090
_d92090